|
|
|
|
| LEADER |
00000nam0a2200000 4500 |
| 001 |
371041 |
| 005 |
20231102012335.0 |
| 035 |
|
|
|a (RuTPU)RU\TPU\retro\28450
|
| 090 |
|
|
|a 371041
|
| 100 |
|
|
|a 20220907d1978 km y0rusy50 ca
|
| 101 |
0 |
|
|a rus
|
| 102 |
|
|
|a RU
|
| 105 |
|
|
|a a z 001zy
|
| 200 |
1 |
|
|a Лопастные насосы для абразивных гидросмесей
|f Л. С. Животовский, Л. А. Смойловская
|
| 210 |
|
|
|a Москва
|c Машиностроение
|d 1978
|
| 215 |
|
|
|a 222 с.
|c ил.
|
| 320 |
|
|
|a Библиогр.: с. 218-220
|
| 606 |
1 |
|
|a Насосы центробежные
|x Гидродинамический расчет
|2 stltpush
|3 (RuTPU)RU\TPU\subj\45026
|9 64293
|
| 610 |
1 |
|
|a гидросмеси
|
| 610 |
1 |
|
|a рабочий процесс
|
| 610 |
1 |
|
|a теоретические основы
|
| 610 |
1 |
|
|a изнашивание
|
| 610 |
1 |
|
|a рабочие колеса
|
| 610 |
1 |
|
|a детали
|
| 610 |
1 |
|
|a материалы
|
| 610 |
1 |
|
|a уплотняющие устройства
|
| 610 |
1 |
|
|a абразивные гидравлические смеси
|
| 610 |
1 |
|
|a насосные конструкции
|
| 610 |
1 |
|
|a эксплуатация
|
| 675 |
|
|
|a 621.671
|v 4
|
| 700 |
|
1 |
|a Животовский
|b Л. С.
|g Леонид Семенович
|
| 701 |
|
1 |
|a Смойловская
|b Л. А.
|g Люция Аркадьевна
|
| 801 |
|
1 |
|a RU
|b 63413507
|c 20220907
|
| 801 |
|
2 |
|a RU
|b 63413507
|c 20221128
|g RCR
|
| 942 |
|
|
|c BK
|